000 00508nam a2200181Ia 4500
999 _c32726
_d32726
003 OSt
005 20200908114655.0
008 190216s9999||||xx |||||||||||||| ||und||
040 _coclc
082 _a537
_bBLE/E
100 _aBleaney, B I
_94489
245 0 _aElectricity And Magnetism /
_cB I Bleaney ; B Bleaney
250 _a2nd Ed.
260 _bOxford University Press,
_c1966.
_aNew York:
300 _a676p
650 _aPhysics
942 _cBK
_2ddc
_h537
_iBLE/E
_k537
_mBLE/E